ბათუმის შოთა რუსთაველის სახელმწიფო უნივერსიტეტის ბიბლიოთეკა

საგზაო მოძრაობის წესები. (ბიბ.ჩანაწერი № 35789)

000 -LEADER
fixed length control field 00907nam a2200241Ia 4500
001 - CONTROL NUMBER
control field 1672
003 - CONTROL NUMBER IDENTIFIER
control field GE_BSU
008 - FIXED-LENGTH DATA ELEMENTS--GENERAL INFORMATION
fixed length control field 181216s||||||||xx |||||||||||||| ||und||
020 ## - INTERNATIONAL STANDARD BOOK NUMBER
International Standard Book Number 9789941412684
040 ## - CATALOGING SOURCE
Transcribing agency GE_BSU
080 ## - UNIVERSAL DECIMAL CLASSIFICATION NUMBER
Universal Decimal Classification number 656.11(075.8)
100 ## - MAIN ENTRY--PERSONAL NAME
Personal name აბაშიძე, ინდიკო
245 ## - TITLE STATEMENT
Title საგზაო მოძრაობის წესები.
245 ## - TITLE STATEMENT
Remainder of title ავტომობილი მოძრაობაში და უსაფრთხო მართვის საფუძვლები.
245 ## - TITLE STATEMENT
Statement of responsibility, etc. რედ. რომან მამულაძე
260 ## - PUBLICATION, DISTRIBUTION, ETC.
Place of publication, distribution, etc. ბათუმი
260 ## - PUBLICATION, DISTRIBUTION, ETC.
Name of publisher, distributor, etc. შოთა რუსთაველის სახ,უნ–ტი
260 ## - PUBLICATION, DISTRIBUTION, ETC.
Date of publication, distribution, etc. 2011
300 ## - PHYSICAL DESCRIPTION
Extent 558 გვ.20 სმ.
653 ## - INDEX TERM--UNCONTROLLED
Uncontrolled term საგზაო მოძრაობის წესები
942 ## - ADDED ENTRY ELEMENTS (KOHA)
Koha item type წიგნი
ეგზემპლარები
Withdrawn status Lost status Damaged status Not for loan Date acquired Barcode Date last seen Price effective from Koha item type Public note
        2018-12-17 3120 2018-12-17 2018-12-17 წიგნი საცავი
        2018-12-17 3121 2018-12-17 2018-12-17 წიგნი საცავი
        2018-12-17 3122 2018-12-17 2018-12-17 წიგნი საცავი
        2018-12-17 3123 2018-12-17 2018-12-17 წიგნი საცავი
        2018-12-17 3124 2018-12-17 2018-12-17 წიგნი საცავი
        2018-12-17 3125 2018-12-17 2018-12-17 წიგნი საცავი
        2018-12-17 3126 2018-12-17 2018-12-17 წიგნი საცავი
        2018-12-17 3127 2018-12-17 2018-12-17 წიგნი  
        2018-12-17 3128 2018-12-17 2018-12-17 წიგნი საცავი
        2018-12-17 3129 2018-12-17 2018-12-17 წიგნი  
        2018-12-17 3130 2018-12-17 2018-12-17 წიგნი საცავი
        2018-12-17 3131 2018-12-17 2018-12-17 წიგნი საცავი